| 000 | 04412cam a22005894i 4500 | ||
|---|---|---|---|
| 003 | PE-LiUPU | ||
| 005 | 20250731173153.0 | ||
| 008 | 150623s2003 ag r 000 0 spa d | ||
| 035 | _a(Sirsi) a28273 | ||
| 040 |
_aPE-LiUPU _bspa _cPE-LiUPU _erda |
||
| 049 | _aPRUA | ||
| 082 | 0 | 4 |
_a286.732092 _bW582e _223 |
| 100 | 1 |
_aWhite, Arthur L., _eautor. |
|
| 245 | 1 | 0 |
_aElena de White : _bmujer de visión / _cArthur L. White. |
| 264 | 1 |
_aBuenos Aires : _bAsociación Casa Editora Sudamericana, _c2003 |
|
| 300 |
_a581 páginas ; _c24 centímetros. |
||
| 336 |
_atext _2rdacontent |
||
| 337 |
_aunmediated _2rdamedia |
||
| 338 |
_avolume _2rdacarrier |
||
| 505 | 0 | _aEl tiempo era correcto -- Llamada a ser una mensajera -- Paso a paso -- Expandiéndose mediante las publicaciones -- Apoyo financiero para la causa de Dios -- Los Adventistas del Séptimo Día en tiempo de guerra -- Aprendiendo un nuevo estilo de vida.- Jaime: aprendiendo por el camino difícil.- el nuevo instituto de salud: precursor del sanatorio de Batlle Creek -- Primeros campestres anuales -- California, aquí llegamos -- Perspectivas animadoras -- Tiempo para un carácter más apacible -- Se abre el Colegio de Healdsburg y se cierra el de Batlle Creek -- Actividades de Elena de White en el extranjero -- Sesión de la Asociación General de 1888.- Progresos en la publicación de libros -- El llamado a Australia -- Siguiendo hacia Nueva Zelanda -- La escuela de Avandole -- Sunnyside, la granja de Elena de White -- La obra médico-misionera -- Escribiendo el Deseado de todas las gentes -- La obra en Australia llega a la mayoría de edad -- Elmshaven, un refugio para Elena de White -- La sesión de la Asociación General de 1901: Hora de cambiar -- Incendio del Sanatorio de Battle Creek -- Elmshaven: no un asilo de ancianos -- Incendio de la Review and Herald -- La sesión de la Asociación General de 1903 -- John Harvey Kellogg y The Living Temple (el templo viviente) -- Viaje de ida y vuelta a Washington -- Se me mostraron hermosas propiedades -- Un año trascendental: Ballenger, Jones, Kellogg -- El don especial de Elena de White.- La sesión de la Asociación General de 1909.- Loma Linda: más que un sanatorio.- La edición de El Conflicto de los Siglos de 1911: no una revisión -- Disminuyendo la marcha con valor y buen ánimo. | |
| 526 | _aSEG42 | ||
| 526 | _aSEG41 | ||
| 526 | _aSEG40 | ||
| 526 | _aSEG39 | ||
| 526 | _aP94 | ||
| 526 | _aP87 | ||
| 526 | _aP86 | ||
| 526 | _aP85 | ||
| 526 | _aP77 | ||
| 526 | _aP76 | ||
| 526 | _aP35 | ||
| 600 | 1 | 4 |
_aWhite, Elena G. de. _d1827-1915 |
| 650 | 1 | 4 |
_aAdventistas del Séptimo Día _xDon profético. |
| 942 |
_2ddc _cBK |
||
| 949 |
_a286.732 W55M _wDEWEY _c1 _i54258 _lCCODEBUL1 _mBUL _p14.00 _r0 _sY _tBOOK _u2015-06-24 _xBIBLIOTECA _zUNKNOWN _0COMPRA _o.STAFF. Colección Teología |
||
| 949 |
_a286.732 W55M _wDEWEY _c2 _i54254 _lCCODEBUL1 _mBUL _p14.00 _r0 _sY _tBOOK _u2015-06-24 _xBIBLIOTECA _zUNKNOWN _0COMPRA _o.STAFF. Colección Teología |
||
| 949 |
_a286.732 W55M _wDEWEY _c3 _i54255 _lCCODEBUL1 _mBUL _p14.00 _r0 _sY _tBOOK _u2015-06-24 _xBIBLIOTECA _zUNKNOWN _0COMPRA _o.STAFF. Colección Teología |
||
| 949 |
_a286.732 W55M _wDEWEY _c4 _i54256 _lCCODEBUL1 _mBUL _p14.00 _r0 _sY _tBOOK _u2015-06-24 _xBIBLIOTECA _zUNKNOWN _0COMPRA _o.STAFF. Colección Teología |
||
| 949 |
_a286.732 W55M _wDEWEY _c5 _i54257 _lCCODEBUL1 _mBUL _p14.00 _r0 _sY _tBOOK _u2015-06-24 _xBIBLIOTECA _zUNKNOWN _0COMPRA _o.STAFF. Colección Teología |
||
| 949 |
_a929 W55 2003 _wDEWEY _c1 _iFT02426 _lCCODEBUT1 _mBUT _p{Dolar}40.00 _r0 _sY _tBOOK _u2015-06-24 _xBIBLIOTECA _zUNKNOWN _o.STAFF. Colección General Tarapoto |
||
| 949 |
_a929 W55 2003 _wDEWEY _c2 _iFT03610 _lCCODEBUT1 _mBUT _p{Dolar}30.00 _r0 _sY _tBOOK _u2015-06-24 _xBIBLIOTECA _zUNKNOWN _o.STAFF. Colección General Tarapoto |
||
| 980 |
_81 _gALBERTO SANCHEZ Responsable de Automatización |
||
| 999 |
_c35503 _d35503 |
||